| 000 | 00507nam a2200193Ia 4500 | ||
|---|---|---|---|
| 005 | 20250326142038.0 | ||
| 008 | 250326s9999 xx 000 0 und d | ||
| 037 | _aTextbook | ||
| 040 |
_aFMSL _beng _cFMSL |
||
| 041 |
_aeng _2eng |
||
| 084 |
_aX:51 M5 _qFMSL |
||
| 100 | _aJain S C | ||
| 245 | 0 |
_aMarketing planning and strategy _cJain S C |
|
| 250 | _a2 | ||
| 260 |
_aNew Jersey _bNew Jersey, South Western _c1985 |
||
| 300 | _a976p | ||
| 942 |
_cTB _hX:51 M5 |
||
| 999 |
_c1293180 _d1293180 |
||